MDQL
is popping MORE tags! Check the
thread
!
Quizzes
Events
Quiz Creation
Community
Videos
Private Events
Remove Ads
Sign In
Join for FREE
Feedback
Dark Mode
Quiz Categories
Sports
Geography
Music
Movies
Television
Just For Fun
Miscellaneous
History
Literature
Language
Science
Gaming
Entertainment
Religion
Holiday
For Kids
Quiz Lab
Recent
Popular Today
Quiz Kudos Today
Editor Picks
Curator Picks
Quizzes by...
Day
Popularity
Type
Ratings
Length
Year
Community
Subscriptions
Recent Discussions
Orange Saloon
Badges
Playlists
Quests
Create
Leaderboards
Showdown
Live 5
Trivia Bingo
Activity
Puzzle Library
Sporcle Events
Private Events
Virtual Trivia
Globe League
Become a Host
Pub Owners
SporcleCon
Opinionation
Our Games
Videos
Blog
Mobile Apps
Partnerships
Remove Ads and Go Orange
Feedback
History
US Presidents
World Leaders
Politics
Nation
Discovery
War
Decade
Year
Century
Biography
Art
History
US Presidents
World Leaders
Politics
Nation
Discovery
War
Decade
Year
Century
Biography
Art
Random Quiz
Search Sporcle
×
Quiz Lab
Quiz Lab
History
State
Type in answers that appear in a list
Type in answers that appear in a list
Classic
Best Score? Go Orange.
City by Presidential Birth Stats
Can you name the city by Presidential birth?
By
Sulli
10m
43 Questions
36 Plays
36 Plays
36 Plays
Comments
Comments
Give Quiz Kudos
Give Quiz Kudos
-
- Ratings
hide this ad
Forced Order
Answers have to be entered in order
Answers have to be entered in order
Random Order
Randomize order of answers
Randomize order of answers
Replay
Link that replays current quiz
Next Quiz
Link to next quiz in quiz playlist
You Got
0%
They Got
Avg Score
20%
Avg Friend Score
Upgrade to see
Score Distribution
Jump to the score distribution portion of the page
Score
0/43
Timer
10:00
0
Plays Today
President
City
% Correct
Barack Hussein Obama (2009-
Pres.)
Honolulu
69.4%
Theodore Roosevelt (1901-
1909)
New York
66.7%
Gerald Rudolph Ford (1974-
1977)
Omaha
66.7%
William Jefferson Clinton (1993-
2001)
Hope
61.1%
John Adams (1797-
1801)
Quincy
58.3%
John Quincy Adams (1825-
1829)
Quincy
55.6%
Richard Milhous Nixon (1969-
1974)
Yorba Linda
50%
George Walker Bush (2001-
2009)
New Haven
47.2%
James Earl Carter (1977-
1981)
Plains
38.9%
Franklin Delano Roosevelt (1933-
1945)
Hyde Park
33.3%
John Fitzgerald Kennedy (1961-
1963)
Brookline
33.3%
William Howard Taft (1909-
1913)
Cincinnati
30.6%
Martin Van Buren (1837-
1841)
Kinderhook
27.8%
Andrew Johnson (1865-
1869)
Raleigh
27.8%
Ronald Wilson Reagan (1981-
1989)
Tampico
25%
Herbert Clark Hoover 1929-
1933)
West Branch
22.2%
George Herbert Walker Bush (1989-
1993)
Milton
19.4%
Lyndon Baines Johnson (1963-
1969)
Stonewall
16.7%
Dwight David Eisenhower (1953-
1961)
Denison
13.9%
Rutherford Birchard Hayes (1877-
1881)
Delaware
11.1%
Stephen Grover Cleveland (1885-
1889, 1893-
1897)
Caldwell
11.1%
William McKinley (1897-
1901)
Niles
11.1%
President
City
% Correct
George Washington (1789-
1797)
Westmoreland County
8.3%
John Tyler (1841-
1845)
Charles City County
8.3%
Hiram Ulysses S. Grant (1869-
1877)
Point Pleasant
8.3%
Thomas Woodrow Wilson (1913-
1921)
Staunton
8.3%
Harry S. Truman (1945-
1953)
Lamar
8.3%
Bejamin Harrison (1889-
1893)
North Bend
8.3%
Andrew Jackson (1829-
1837)
Waxhaws
5.6%
William Henry Harrison (1841)
Charles City County
5.6%
Abraham Lincoln (1861-
1865)
Hardin County
5.6%
Chester Alan Arthur (1881-
1885)
Fairfield
5.6%
Warren Gamaliel Harding (1921-
1923)
Blooming Grove
5.6%
John Calvin Coolidge (1923-
1929)
Plymouth
5.6%
Thomas Jefferson (1801-
1809)
Shadwell
2.8%
James Madison (1809-
1817)
Port Conway
2.8%
James Monroe (1817-
1825)
Westmoreland County
2.8%
James Knox Polk (1845-
1849)
Pineville
2.8%
Millard Fillmore (1850-
1853)
Summerhill
2.8%
Franklin Pierce (1853-
1857)
Hillsborough
2.8%
James Abram Garfield (1881)
Moreland Hills
2.8%
Zachary Taylor (1849-
1850)
Barboursville
0%
James Buchanan (1857-
1861)
Mercersburg
0%
Quiz Playlist
Details
Report
Send in Message
Add To Playlist
Classic:
Type in answers that appear in a list
Forced Order:
Answers have to be entered in order
Random Order:
Randomize order of answers
Last Updated: Feb 16, 2017
Quiz Scoreboard
CHALLENGE
Sign Up to Join the Scoreboard
Show All
Scores
Hide
Comments
May contain spoilers
Recently Published
Image Sorting: Flags VI
by Barbecue
Geography
2m
Find the 'City' Movie
by crazypaving
Movies
60s
Colored Red Africa Blitz
by spor1
Geography
45s
More to Explore
Quiz From the Vault
Featured Blog Post
14 Easter Pick-up Lines to Find Eggs With
hide this ad
You Might Also Like...
Tags
City Quiz
State Quiz
birth
Today's Top Quizzes in History
Browse History
hide this ad
Today's Top Quizzes in State
Browse State
Top Contributed Quizzes in History
1
I Am Born On March 29th
2
Order Up: 1000 Years of World Events I
3
US National Parks Named After People
4
Popular People in 1951
5
Popular People in 1991
6
Popular People in 1941
7
Popular People in 1986
8
Popular People in 1981
9
Popular People in 1921
10
Popular People in 1976
Explore More
Trending Topics
Marvel
Crossword
NBA
Kpop
Harry Potter
Anime
Disney
Song
Soccer
The Office
Pokémon
Country
Puzzle
WWE
NFL
hide this ad
More By:
Sulli
Quiz
Plays
Rating
Category
Featured
Created
Distance between largest and capital city
281
2.00
Geography
Apr 11, 2011
50 Largest Countries (Updated)
216
3.67
Geography
Jul 10, 2011
Match Marx Brother to Character
182
3.00
Movies
Jul 6, 2011
Distance between capital and largest city
141
2.71
Geography
Apr 14, 2011
Distance between largest and capital cities
48
1.29
Geography
Apr 13, 2011
Go to Creator's Profile
Score Distribution
Quiz Creator Spotlight
Sulli
Follow
Send a Message
Quizzes Created
-
Created Quiz Play Count
-
More By This Creator
Popular Quizzes Today
1
Colored Red Africa Blitz
2
Find the US States - No Outlines Minefield
3
Find the 'City' Movie
4
5x2 Blitz: Bands
5
The Countries of the World
6
Find the US States
7
Find the Countries of Europe - No Outlines Minefield
8
US States
More History Quizzes
Click Crowds: Leaders by Country (in Nov 2022)
Quiz Lab
Trending Quizzes
Colored Red Europe Blitz I
Colored Red Europe Blitz II
Colored Red Africa Blitz II
Colored Red Europe Blitz III
Colored Red Africa Blitz III
Recently Updated
How Do You Spell That?
pecheneg
Godzilla Movies
pecheneg
Grab Bag: 4-10 Letters
pecheneg
2024 March Madness Bracket
pecheneg
Famous TV Couples
Peacemaker
Champions League XIs: Real Madrid
pecheneg
Largest US Cities 1790-2010
pecheneg
Rides in Walt Disney World
pecheneg
Most Oscar Losses (Acting)
pecheneg
Beyoncé Albums
pecheneg
Trending Topics
Harry Potter
Marvel
NBA
Disney
Crossword
Anime
Kpop
Puzzle
Pokémon
NFL
Country
Song
Soccer
WWE
The Office
Your Account Isn't Verified!
In order to create a playlist on Sporcle, you need to verify the email address you used during registration. Go to your
Sporcle Settings
to finish the process.
Report this User
Report this user for behavior that violates our
Community Guidelines
.
Details:
Send Report
Go to the Sporcle.com Mobile Site →
Comments